书目信息 |
| 题名: |
地球不高兴
|
|
| 作者: | 美狄亚 编著 | |
| 分册: | ||
| 出版信息: | 北京 台海出版社 2011 |
|
| 页数: | 244页 | |
| 开本: | 24cm | |
| 丛书名: | ||
| 单 册: | ||
| 中图分类: | P183-49 | |
| 科图分类: | ||
| 主题词: | 地球--普及读物 , 地球 | |
| 电子资源: | ||
| ISBN: | 978-7-80141-856-2 | |
| 000 | 00856nam0 2200253 45 | |
| 001 | 1338882922 | |
| 005 | 20130514151009.90 | |
| 010 | @a978-7-80141-856-2@dCNY29.80 | |
| 100 | @a20130108d2011 em y0chiy50 ea | |
| 101 | 0 | @achi |
| 102 | @aCN@b110000 | |
| 105 | @aa z 000yy | |
| 106 | @ar | |
| 200 | 1 | @a地球不高兴@ADi Qiu Bu Gao Xing@e被掩盖的真相@EBei Yan Gai De Zhen Xiang@f美狄亚编著@FMei Di Ya Bian Zhu |
| 210 | @a北京@c台海出版社@d2011 | |
| 215 | @a244页@c图@d24cm | |
| 330 | @a本书主要内容包括:究竟是谁创造了地球;控制地球的神秘力量;一个灾难流行的时代是否会卷土重来;地球上的陆地是否最终沉没等。 | |
| 517 | 1 | @a被掩盖的真相@ABei Yan Gai De Zhen Xiang |
| 606 | 0 | @a地球@j普及读物 |
| 606 | 0 | @a地球 |
| 690 | @aP183-49@v5 | |
| 701 | 0 | @a美狄亚@AMei Di Ya@4编著 |
| 801 | @aCN@bTANGWEI@c20130108 | |
| 905 | @b0829066-70@dP183-49@e151@f5 | |
| 地球不高兴:被掩盖的真相/美狄亚编著.-北京:台海出版社,2011 |
| 244页:图;24cm |
| ISBN 978-7-80141-856-2:CNY29.80 |
| 本书主要内容包括:究竟是谁创造了地球;控制地球的神秘力量;一个灾难流行的时代是否会卷土重来;地球上的陆地是否最终沉没等。 |
| ● |
| 相关链接 |
|
|
|
|
正题名:地球不高兴
索取号:P183-49/151
 
预约/预借
| 序号 | 登录号 | 条形码 | 馆藏地/架位号 | 状态 | 备注 |
| 1 | 0829066 | 208290669 | 第二样本阅览室/ [索取号:P183-49/151] | 在馆 | |
| 2 | 0829067 | 208290678 | 第三借阅区/ [索取号:P183-49/151] | 在馆 | |
| 3 | 0829068 | 208290687 | 第三借阅区/ [索取号:P183-49/151] | 在馆 | |
| 4 | 0829069 | 208290696 | 第三借阅区/ [索取号:P183-49/151] | 在馆 | |
| 5 | 0829070 | 208290703 | 密集书库-资源管理系/ [索取号:P183-49/151] | 在馆 |